000 00919nam a22002297a 4500
008 240525b mp ||||| |||| 00| 0 mon d
020 _a978-99929-0-720-7
035 _a20827
040 _aОрхон аймгийн нийтийн номын сан
_bmon
_cMN-UlNLM
_dMN-UlNLM
_erda
041 _amon
042 _a26738
084 _2НСНЗА
_a84.2
_bА-68
100 _aАояма К.
245 0 _aОдой өвгөний байшин
264 _aУлаанбаатар
_bАдмон ХХК
_c2009
300 _a х.
336 _2rdacontent
_atext
_btxt
337 _2rdamedia
_aunmediated
_bn
338 _2rdacarrier
_avolume
_bnc
650 _aОйн цоорхой дахь жижигхэн байшинд Двоф гэдэг нэртэй нэгэн зожигдуу зантай боловч тун уран нэгэн одой өвгөний талаар энэ номд гар...
942 _2NNA
_cBK
999 _c695059
_d695116